Grupos de cosas - España - Estadísticas

Estadísticas generales
  • Esta prueba ha sido intentada 9.792 veces
  • La puntuación promedio es 31 de 56
Estadísticas de respuestas
Grupo Respuesta % Correcto
Partidos políticos de los presidentes del gobierno Partido Popular
91%
Partidos políticos de los presidentes del gobierno Partido Socialista Obrero Español
91%
Canales de TVE La 1
90%
Canales de TVE La 2
89%
Islas Canarias Tenerife
89%
Años en ganar la Eurocopa 2024
86%
Años en ganar la Eurocopa 2012
84%
Casas reales Borbón
84%
Comunidades uniprovinciales Murcia
84%
Comunidades uniprovinciales Asturias
83%
Comunidades uniprovinciales Madrid
83%
Años en ganar la Eurocopa 2008
82%
Los cuatro grandes bancos Banco Santander
82%
Comunidades uniprovinciales La Rioja
82%
Comunidades uniprovinciales Cantabria
81%
Islas Canarias Gran Canaria
80%
Los cuatro grandes bancos BBVA
77%
Comunidades uniprovinciales Navarra
77%
Islas Canarias El Hierro
76%
Los cuatro grandes bancos CaixaBank
75%
Islas Canarias La Gomera
71%
Museos del Triángulo del Arte Museo del Prado
70%
Islas Canarias Lanzarote
68%
Islas Canarias La Palma
67%
Islas Canarias Fuerteventura
65%
Comunidades uniprovinciales Islas Baleares
65%
Canales de TVE Teledeporte
60%
Casas reales Austria
59%
Tres culturas de Toledo Cristiana
57%
Canales de TVE 24 Horas
56%
Años en ganar la Eurocopa 1964
55%
Tres culturas de Toledo Judía
54%
Museos del Triángulo del Arte Museo Reina Sofía
54%
Tres culturas de Toledo Musulmana
54%
Canales de TVE Clan
50%
Estaciones inaugurales del Metro de Madrid Puerta del Sol
48%
Los cuatro grandes bancos Banco Sabadell
47%
Integrantes de Mecano Ana Torroja
43%
Islas Canarias La Graciosa
39%
Partidos políticos de los presidentes del gobierno Unión de Centro Democrático
34%
Museos del Triángulo del Arte Museo Thyssen-Bornemisza
31%
Integrantes de Mecano Nacho Cano
31%
Estaciones inaugurales del Metro de Madrid Red de San Luis
31%
Protagonistas en cada episodio de la 1.ª temporada de Cuéntame cómo pasó Antonio Alcantara
27%
Protagonistas en cada episodio de la 1.ª temporada de Cuéntame cómo pasó Carlos Alcántara
27%
Casas reales Trastámara
27%
Protagonistas en cada episodio de la 1.ª temporada de Cuéntame cómo pasó Mercedes Fernández
25%
Protagonistas en cada episodio de la 1.ª temporada de Cuéntame cómo pasó Toni Alcántara
17%
Protagonistas en cada episodio de la 1.ª temporada de Cuéntame cómo pasó Inés Alcántara
16%
Estaciones inaugurales del Metro de Madrid Cuatro Caminos
12%
Estaciones inaugurales del Metro de Madrid Glorieta de Bilbao
12%
Estaciones inaugurales del Metro de Madrid Chamberí
11%
Integrantes de Mecano José María Cano
11%
Estaciones inaugurales del Metro de Madrid Hospicio
10%
Estaciones inaugurales del Metro de Madrid Martínez Campos
9%
Estaciones inaugurales del Metro de Madrid Ríos Rosas
7%
No se encontraron pruebas coincidentes
Distribución de puntuación
Porcentaje de gente con cada puntuación
Porcentaje por número respondido
Historial de tus puntuaciones
No has intentado esta prueba.